| 000 | 00589nam a2200229Ia 4500 | ||
|---|---|---|---|
| 003 | GCL | ||
| 005 | 20240530110923.0 | ||
| 008 | 140319s2007 sp ae 000 0 eng d | ||
| 020 | _a9788496263710 | ||
| 040 |
_aGCL / _cGCL |
||
| 082 | 0 | 4 |
_a747,7/ _bB A |
| 100 | 1 | _aBroto, Carles | |
| 245 | 1 | 0 |
_aApartment Interiors / _cCarles Broto |
| 260 |
_aspain : _bCarles Broto ، _c.2007 |
||
| 300 |
_a238 P. : _bill ; _c30 cm. |
||
| 650 | 0 | 4 | _aARTS |
| 650 | 0 | 4 | _a ART DECORATION |
| 650 | 0 | 4 | _aINTERIOR DESIGN |
| 650 | 0 | 4 | _a HOME DECORATING |
| 653 | 0 | _aApartment Interiors | |
| 942 |
_2ddc _cBK |
||
| 999 |
_c66519 _d66519 |
||